Handbook of radioactivity analysis /

Other Authors: L'Annunziata, Michael F.
Language: English
Published: Oxford : Elsevier, 2012
Edition: 3rd ed.
Physical Description: xxxvii, 1379 s. : il. ; 29 cm
Book
Saved in:
LEADER 01175nam a2200337 a 4500
001 001430428
003 CZ BrMZK
005 20141024083135.0
007 ta
008 141021s2012 xxka e 001 0 eng
020 |a 978-0-12-384873-4  |q (váz.) 
040 |a BOA001  |b cze 
072 7 |a 539  |x Fyzikální stavba hmoty. Jaderná fyzika. Molekulární fyzika  |2 Konspekt  |9 6 
080 |a 539.16  |2 MRF 
080 |a 539.16.08  |2 MRF 
080 |a 620.267  |2 MRF 
080 |a (035)  |2 MRF 
245 0 0 |a Handbook of radioactivity analysis /  |c edited by Michael F. L'Annunziata 
250 |a 3rd ed. 
260 |a Oxford :  |b Elsevier,  |c 2012 
300 |a xxxvii, 1379 s. :  |b il. ;  |c 29 cm 
504 |a Obsahuje bibliografické odkazy a rejstřík 
650 0 7 |a radioaktivita  |7 ph124974  |2 czenas 
650 0 7 |a měření radioaktivity  |7 ph187931  |2 czenas 
650 0 7 |a radioaktivní látky  |7 ph124978  |2 czenas 
655 7 |a příručky  |7 fd133209  |2 czenas 
700 1 |a L'Annunziata, Michael F.  |7 ntk2012738592  |4 edt 
910 |a BOA001  |b 4-1334.054 
990 |a BK 
991 |b 201410  |c NOV  |e n 
996 6 |b 2610608190  |c 4-1334.054  |l MZK  |r STM 6p  |n 0  |p kup  |h 539 HAN  |w 001465763  |u 000010  |a 0  |e BOA001  |j MZK50  |s P